-FF Vocabulary Words - Statistics

General Stats
  • This quiz has been taken 342 times
  • The average score is 12 of 20
Answer Stats
Hint Answer % Correct
antonym of on off
96%
fill a turkey with seasoned breadcrumbs stuff
96%
group of employees staff
95%
use the nose to detect a smell sniff
90%
rigid; hard to bend stiff
86%
law enforcer sheriff
80%
sheer rock face cliff
74%
informally - "off the ____" cuff
71%
muscular; tan color; bare skin buff
69%
what no-one wants in their hair dandruff
63%
the pope pontiff
59%
customs duty tariff
59%
initiator of court proceedings plaintiff
56%
tie-break contest between 2 leaders runoff
46%
copiously and cheerfully drink, esp alcohol quaff
41%
abrupt, brusque, surly gruff
40%
reject rebuff
38%
start of a basketball game tipoff
38%
sulking anger huff
28%
reward or bribe payoff
21%
No matching quizzes found
Score Distribution
Percent of People with Each Score
Percentile by Number Answered
Your Score History
You have not taken this quiz